000 01786cam a2200385 i 4500
999 _c791
_d791
001 19799561
003 OSt
005 20191217115848.0
008 170719t20172012nyua j 000 1 eng d
010 _a 2017949593
020 _a9780316335478
035 _a(OCoLC)ocn999640444
040 _aYDX
_beng
_cYDX
_dBTCTA
_dBDX
_erda
_dCCPLG
_dZHX
_dOCLCO
_dTXP
_dDLC
042 _alccopycat
082 _aFIC SNI
100 1 _aSnicket, Lemony,
_eauthor
245 1 0 _a"who could that be at this hour?" /
_cLemony Snicket, art by Seth.
246 3 1 _aWho could that be at this hour?
264 1 _aNew York :
_bLittle, Brown and Company,
_c2014.
264 4 _c©2012
300 _a258 pages :
_billustrations ;
_c19 cm.
336 _atext
_btxt
_2rdacontent
337 _aunmediated
_bn
_2rdamedia
338 _avolume
_bnc
_2rdacarrier
490 1 _aAll the wrong questions ;
_v1
500 _aOriginally published in hardcover and ebook by Little, Brown and Company in October 2012 as "Who Could That Be at This Hour?".
520 _a"In the first of four volumes, Lemony Snicket recounts the time he spent as a young man in a fading town under the care of a dubious chaperone. Navigating the mysteries of childhood can be difficult, and for Lemony Snicket, the tangled plots that surround him include a missing father, a flooding basement, suspiciously young taxi drivers, a stolen statue, a peculiar librarian, and more information than is necessary about a secret organization"--www.amazon.com.
650 0 _aApprentices
_vJuvenile fiction.
650 0 _aStatues
_vJuvenile fiction.
650 0 _aMystery and detective stories
650 0 _aHumerous stories
700 0 _aSeth,
_d1962-
_eillustrator.
800 1 _aSnicket, Lemony.
_tAll the wrong questions ;
_v1.
942 _2ddc
_cFIC